000 00398nam a2200157Ia 4500
008 210210b2005 xxu||||| |||| 00| 0 eng d
020 _a81 8054 283 1
082 _a657 GUPF
100 _aGUPTA (R L) and GUPTA (V K).
245 _aFundamentals of accounting. Vol.2.
260 _aN D
_bSultan Chand & Sons
_c2005
300 _a6,196
440 _a2
690 _aAccountancy
906 _a060699
999 _c107676
_d107676